000 00408nam a2200169Ia 4500
003 GCL
008 140319s9999 xx 000 0 eng d
040 _aGCL /
_cGCL
082 0 4 _aCH
_b372.216
_bF W
100 1 _aFROEBEL-KAN CO
245 1 0 _aCIRCUS /
_cFROEBEL-KAN CO
260 _a[S.N] :
_bFROEBEL- KAN CO
650 0 4 _aSTUDY AND TEACHING
650 0 4 _aREADING
650 0 4 _aCHILDREN
942 _2ddc
_cBK
999 _c17732
_d17732